000 01096nam a22002657a 4500
005 20170123164158.0
010 _aB-124188
020 _c150.00
_a8182990246
035 _aB-124188
037 _bCen Lib/Ret
040 _aDPL
_bPN
082 _a649.1
_bਤੂਰਅ
100 _aਤੂਰ, ਅਕਾਦਮੀਸ਼ਨ ਏ.
_9131868
245 _aਆਪਣੇ ਬਾਲ ਨੂੰ ਸਮਝੇ /
_c ਅਕਾਦਮੀਸ਼ਨ ਏ. ਤੁਰ ; ਅਨੁਵਾਦਕ ਜਸਵੰਤ ਗਿੱਲ
246 _aApne bal nu samjoh /
_bby Akādamīshana E Tūra ; Jaswant Gill
260 _aਦਿੱਲੀ
_bਆਰਸੀ ਪਬਲਿਸ਼ਰਜ਼
_c2005
270 _aਚਾਂਦਨੀ ਚੌਕ
_bਦਿੱਲੀ
_e110006
300 _a307
_c27cm(Hb)
650 _aHealth care
_910055
650 _aHealth Sciences
_vBaby care
_9112692
650 _aਹੈਲਥ ਕੇਅਰ
_91541
650 _aਸਿਹਤ ਵਿਗਿਆਨ --
_vਬੇਬੀ ਕੇਅਰ
_9131869
700 _aਗਿੱਲ, ਜਸਵੰਤ
_9141158
942 _2ddc
_cPN
_h649.1
_mਤੁਰਅ
999 _c110831
_d110831